La Reforma de la Ley de Contratos del Estado / Gaspar Ariño Ortiz
ISBN:
84-7209-182-1
Descripción Física:
198 p. ; 22 cm
Materias:
Contractes administratius -- Espanya
MARC
| LEADER | 00000nam a2200000Ia 4500 | ||
|---|---|---|---|
| 001 | 14368 | ||
| 008 | 160829s9999 xx 000 0 cat d | ||
| 020 | |a 84-7209-182-1 | ||
| 080 | |a M-4-210 | ||
| 100 | |a Ariño Ortiz, Gaspar |9 23783 | ||
| 245 | |a La Reforma de la Ley de Contratos del Estado / Gaspar Ariño Ortiz | ||
| 260 | |a [Madrid] : |b Unión Editorial, DL 1984 | ||
| 300 | |a 198 p. ; |c 22 cm | ||
| 590 | |a Notes, referències bibliogràfiques | ||
| 650 | |a Contractes administratius |x Espanya |9 23438 | ||
| 901 | |a Arxiu | ||
| 942 | |n 1 | ||
| 952 | |0 0 |1 0 |4 0 |6 M4210 |7 1 |9 42850 |a Arxiu |b Arxiu |d 2016-12-01 |l 0 |o M-4-210 |p 14368 |r 2016-12-01 00:00:00 |w 2016-12-01 |y ARXIU | ||
| 999 | |c 45356 |d 45356 | ||